Application of entomopathogenic fungus Beauveria brongniartii for management of chafer beetle of the white grub holotrichia serrata infesting rubber seedlings (Record no. 54357)

MARC details
000 -LEADER
fixed length control field 01061nam a2200181Ia 4500
100 ## - MAIN ENTRY--AUTHOR NAME
Personal name Nehru C R
245 #0 - TITLE STATEMENT
Title Application of entomopathogenic fungus Beauveria brongniartii for management of chafer beetle of the white grub holotrichia serrata infesting rubber seedlings
260 ## - PUBLICATION, DISTRIBUTION, ETC. (IMPRINT)
Name of publisher Indian Journal of Natural Rubber Research
Year of publication 1991
300 ## - PHYSICAL DESCRIPTION
Number of Pages 123-125
520 ## - SUMMARY, ETC.
Summary, etc The infectivity of the entomopathogenic fungus Beauveria brongniartii to adult beetles, which are responsible for the abundance and distribution of white grubs (H. serrata) in rubber nurseries, is reported. Longevity of the adult beetles of both sexes infected with B.brongniartii spreads from contaminated adults to healthy ones through mating contact. Release of the contaminated adults in the nursery was effective for biological suppression of H. serrata.
650 ## - SUBJECT ADDED ENTRY--TOPICAL TERM
Topical Term Beauveria brongniartii
650 ## - SUBJECT ADDED ENTRY--TOPICAL TERM
Topical Term Holotrichia serrata
650 ## - SUBJECT ADDED ENTRY--TOPICAL TERM
Topical Term Rubber nurseries
700 ## - ADDED ENTRY--PERSONAL NAME
Personal name Jayarathnam K
700 ## - ADDED ENTRY--PERSONAL NAME
Personal name Karnavar G K
942 ## - ADDED ENTRY ELEMENTS (KOHA)
Koha item type Journals
Holdings
Withdrawn status Lost status Damaged status Not for loan Home library Current library Date acquired Serial Enumeration / chronology Koha item type
      Journals RRII Library RRII Library 17/12/2021 Volume 4, Issue 2 Journals